|
|
|
|
| LEADER |
02775nam a2200685 i 4500 |
| 001 |
nkc20223478122 |
| 003 |
CZ PrNK |
| 005 |
20240730092805.0 |
| 007 |
ta |
| 008 |
221216s2022 xr abcee 000 0dcze |
| 015 |
|
|
|a cnb003478122
|
| 020 |
|
|
|a 978-80-908389-1-8
|q (vázáno)
|
| 035 |
|
|
|a (OCoLC)1372328695
|
| 040 |
|
|
|a BOA001
|b cze
|d OLA001
|e rda
|
| 043 |
|
|
|a e-xr---
|b e-xr-jm
|2 czenas
|
| 045 |
|
|
|a v-y-
|
| 072 |
|
7 |
|a 908(437)
|x Vlastivěda Česka a Slovenska
|2 Konspekt
|9 8
|
| 080 |
|
|
|a 728
|2 MRF
|
| 080 |
|
|
|a 332.814-057.65
|2 MRF
|
| 080 |
|
|
|a 365-057.65
|2 MRF
|
| 080 |
|
|
|a 77.039
|2 MRF
|
| 080 |
|
|
|a 908(437.322)
|2 MRF
|
| 080 |
|
|
|a (437.322)
|2 MRF
|
| 080 |
|
|
|a (048.8)
|2 MRF
|
| 080 |
|
|
|a (084.12)
|2 MRF
|
| 100 |
1 |
|
|a Groš, Vladimír,
|d 1946-
|7 jn20000728156
|4 aut
|
| 245 |
1 |
0 |
|a Milokošť.
|n I.,
|p Dědina : původní zástavba a její obyvatelé /
|c Vladimír Groš, Peter Futák
|
| 246 |
3 |
0 |
|a Dědina
|
| 250 |
|
|
|a 1. vydání
|
| 264 |
|
1 |
|a Veselí nad Moravou :
|b Veselské kulturní centrum, z.ú.,
|c 2022
|
| 300 |
|
|
|a 319 stran :
|b ilustrace (některé barevné), mapy, portréty, plány, faksimile ;
|c 31 cm
|
| 336 |
|
|
|a text
|b txt
|2 rdacontent
|
| 336 |
|
|
|a statický obraz
|b sti
|2 rdacontent
|
| 337 |
|
|
|a bez média
|b n
|2 rdamedia
|
| 338 |
|
|
|a svazek
|b nc
|2 rdacarrier
|
| 500 |
|
|
|a Vydalo Veselské kulturní centrum, z.ú. ve spolupráci s Masarykovým muzeem v Hodoníně, p.o.
|
| 500 |
|
|
|a 500 výtisků
|
| 504 |
|
|
|a Obsahuje bibliografické odkazy
|
| 648 |
|
7 |
|a 18.-21. století
|7 ch757020
|2 czenas
|
| 650 |
0 |
7 |
|a obytné domy
|7 ph115537
|z Česko
|y 18.-21. století
|2 czenas
|
| 650 |
0 |
7 |
|a majitelé domů
|7 ph116700
|z Česko
|y 18.-21. století
|2 czenas
|
| 650 |
0 |
7 |
|a obyvatelé domů
|7 ph926044
|z Česko
|y 18.-21. století
|2 czenas
|
| 650 |
0 |
7 |
|a historické fotografie
|7 ph135159
|z Česko
|2 czenas
|
| 650 |
0 |
9 |
|a dwelling-houses
|z Czechia
|y 18th-21st centuries
|2 eczenas
|
| 650 |
0 |
9 |
|a home owners
|z Czechia
|y 18th-21st centuries
|2 eczenas
|
| 650 |
0 |
9 |
|a householders
|z Czechia
|y 18th-21st centuries
|2 eczenas
|
| 650 |
0 |
9 |
|a historical photographs
|z Czechia
|2 eczenas
|
| 651 |
|
7 |
|a Milokošť (Veselí nad Moravou, Česko)
|7 ge1176847
|x vlastivěda a dějiny
|2 czenas
|
| 651 |
|
9 |
|a Milokošť (Veselí nad Moravou, Czechia)
|x local history and geography
|2 eczenas
|
| 655 |
|
7 |
|a přehledy
|7 fd133202
|2 czenas
|
| 655 |
|
7 |
|a fotografické publikace
|7 fd132276
|2 czenas
|
| 655 |
|
9 |
|a surveys
|2 eczenas
|
| 655 |
|
9 |
|a photographical works
|2 eczenas
|
| 700 |
1 |
|
|a Futák, Peter,
|d 1973-
|7 mzk2006331600
|4 aut
|
| 910 |
2 |
|
|a BOA001
|b 4-1501.418,1
|
| 928 |
9 |
|
|a Masarykovo muzeum v Hodoníně
|
| 990 |
|
|
|a BK
|
| 995 |
|
|
|a 01
|
| 991 |
|
|
|b 202302
|c NOV
|
| 996 |
6 |
|
|b 2610927529
|c 4-1501.418,1
|l MZK
|r Sklad / do 1 hodiny
|n 2
|p p.v.
|w 001910055
|u 000010
|a 1
|e BOA001
|j MZK50
|s P
|